000 00361nam a2200157Ia 4500
003 OSt
008 191201s1995 xx 000 0 und d
082 _a620.11
_bRAM
100 _aRAJPUT, R K
245 0 _aMechanical Science
250 _a1st
260 _aNew Delhi
_bDhanpat Rai Pub (P) Ltd
_c1995
300 _a818
650 _aB.Tech(ME)
942 _2ddc
_cBK
999 _c2432
_d2432